000 00344nam a2200133Ia 4500
008 151001s9999||||xx |||||||||||||| ||und||
100 _aशशी श्यामसिंह
245 _aजंगल कि गुडिया
250 _a1
260 _bसंगीता
260 _c2008
300 _a48
365 _b21
999 _c989914
_d989911